Check out the vicinity (Record no. 79751)

MARC details
000 -LEADER
fixed length control field 01330cab a22002775a 4500
001 - CONTROL NUMBER
control field L142223
008 - FIXED-LENGTH DATA ELEMENTS--GENERAL INFORMATION
fixed length control field 080130e20080126xxk f 000 0 eng d
035 ## - SYSTEM CONTROL NUMBER
System control number (Sirsi) u142223
041 0# - LANGUAGE CODE
Language code of text/sound track or separate title eng
100 1# - MAIN ENTRY--PERSONAL NAME
Personal name Cohen, Roger
245 00 - TITLE STATEMENT
Title Check out the vicinity
260 ## - PUBLICATION, DISTRIBUTION, ETC.
Date of publication, distribution, etc. 2008
490 ## - SERIES STATEMENT
Series statement Estates Gazette
Volume/sequential designation (0803) 26 January 2008, 170-171(2)
520 ## - SUMMARY, ETC.
Summary, etc. Discusses the concept of neighbours in law and examines the restrictions this can place on developers. Statutory obligations, easements and restrictive covenants can give landowners the benefit of curbing development on neighbouring land. However there is no judicial definition of the term neighbour. Cases have often focused on the related notion of neighbourhood. Suggests that a neighbour is someone sufficiently proximate to be adversely affected by acts of unneighbourliness. Presents a case study and refers to case law.
590 ## - LOCAL NOTE (RLIN)
Local note KA
650 24 - SUBJECT ADDED ENTRY--TOPICAL TERM
Topical term or geographic name entry element ACCESS TO NEIGHBOURING LAND ACT 1992
650 24 - SUBJECT ADDED ENTRY--TOPICAL TERM
Topical term or geographic name entry element ANTI-SOCIAL BEHAVIOUR ACT 2003
650 24 - SUBJECT ADDED ENTRY--TOPICAL TERM
Topical term or geographic name entry element RUSSELL V ARCHDALE
650 24 - SUBJECT ADDED ENTRY--TOPICAL TERM
Topical term or geographic name entry element SHELLCOVE GARDENS PROPERTY LTD V NORTH SYDNEY MUNICIPAL COUNCIL
650 24 - SUBJECT ADDED ENTRY--TOPICAL TERM
Topical term or geographic name entry element LEE V ROUNDWOOD COLLIERY CO
651 #4 - SUBJECT ADDED ENTRY--GEOGRAPHIC NAME
Geographic name United Kingdom
Chronological subdivision
690 ## - LOCAL SUBJECT ADDED ENTRY--TOPICAL TERM (OCLC, RLIN)
Topical term or geographic name as entry element Boundary disputes
9 (RLIN) 6221
690 ## - LOCAL SUBJECT ADDED ENTRY--TOPICAL TERM (OCLC, RLIN)
Topical term or geographic name as entry element PROPERTY-PROPERTY DEVELOPMENT
700 1# - ADDED ENTRY--PERSONAL NAME
Personal name Seitler, Jonathan
942 ## - ADDED ENTRY ELEMENTS (KOHA)
Suppress in OPAC 0
Holdings
Withdrawn status Lost status Source of classification or shelving scheme Damaged status Not for loan Home library Current library Shelving location Date acquired Total Checkouts Full call number Barcode Date last seen Copy number Price effective from Koha item type
    Dewey Decimal Classification     London London Journal article 30/01/2008   L142223 142223-1001 06/08/2019 1 06/08/2019 Journal article